00000000nam##2200000za#4500
0019.661474
003CaOODSP
00520220328113331
007ta
008150407|2000||||xxc|||||     f|0| 0 fre|d
020 |a0-662-64632-0
040 |aCaOODSP|bfre
041 |aeng
041 |afre
043 |an-cn---
0861 |aRG64-6/1-2000
1101 |aCanada. |bIndustrie Canada.
24510|aCode de déontologie des syndics de faillite
260 |aOttawa - Ontario : |bIndustrie Canada |c2000.
546 |aBilingue
563 |aDépliant
7760#|tCode de déontologie des syndics de faillite |w(CaOODSP)9.642037
7760#|tCode of ethics for trustees in bankruptcy |w(CaOODSP)9.698041
791 |tCode of ethics for trustees in bankruptcy |eeng|w(CaOODSP)9.661473
986 |a52945B